| 000 | 00832nam a2200229 a 4500 | ||
|---|---|---|---|
| 001 | 000029966 | ||
| 003 | OSt | ||
| 005 | 20260321073642.0 | ||
| 008 | 110427s1979 dr 000 0 spa d | ||
| 040 |
_aDO-SdBNP _bspa _cBNPHU |
||
| 082 |
_axxxx _bB742n, 1979 |
||
| 100 | 1 |
_a Bosch, Juan, _d1909-2001 _976555 |
|
| 245 | 1 | 3 |
_aEl Napoleón de las guerrillas / _cJuan Bosch. |
| 250 | _a3a ed. | ||
| 260 |
_aSanto Domingo : _bAlfa y Omega, _c1979. |
||
| 300 |
_a53 p. ; _cil., retrs. _c18 cm. |
||
| 500 | _aCubierta reproducida del periódico Cuba libre publicado en Buenos Aires el 23 de enero de 1897. | ||
| 500 | _aIncluye referencias bibliográficas y notas al pie de la páginas | ||
| 505 | 0 |
_aLa campaña de las Tea -- _tLa lucha de Clases -- _tLa Campaña de La Reforma. |
|
| 590 | _aInventariado, 2019 /LP | ||
| 942 |
_2ddc _cLBS1 |
||
| 999 |
_c29458 _d29458 |
||